| 000 | 00499cam a22001337a 4500 | ||
|---|---|---|---|
| 008 | 180718b1968 xxu||||| |||| 00| 0 eng d | ||
| 082 | _aP11055 N213/5 | ||
| 100 | _aRuhela, S. P. | ||
| 245 |
_aInternational Directory of Specialist and Scholars in Sociology Education _cby S. P. Ruhela |
||
| 260 |
_aNew Delhi _bNational Council Of educational Research and Training _c1968 |
||
| 300 | _a6p. | ||
| 440 | _aStudies in Sociology of Education No.5 | ||
| 700 | _aIndia. Department of Foundation of Education | ||
| 999 |
_c494531 _d494531 |
||